<The> Marketing Control System from a Theoretical and Practical Viewpoints
Saved in:
| Main Author: | |
|---|---|
| Other Authors: | |
| Format: | Book Chapter |
| Language: | English |
| Subjects: | |
| Tags: |
No Tags, Be the first to tag this record!
|
MARC
| LEADER | 00000naa a2200000 4500 | ||
|---|---|---|---|
| 001 | 0172054 | ||
| 005 | 20240502083413.5 | ||
| 041 | 0 | |a eng | |
| 044 | |a PL | ||
| 245 | 1 | 0 | |a <The> Marketing Control System from a Theoretical and Practical Viewpoints |c Ferdinand Daňo, Eva Hanuláková |
| 610 | 2 | 0 | |a marketing |
| 610 | 2 | 0 | |a audit |
| 610 | 2 | 0 | |a kontrola |
| 610 | 2 | 0 | |a kontroling |
| 610 | 2 | 0 | |a distribúcia |
| 610 | 2 | 0 | |a marketing manažment |
| 100 | 1 | |a Daňo, Ferdinand, 1959- | |
| 700 | 1 | |a Hanuláková, Eva, 1964- | |